Представление документа в формате RUSMARC

ПолеНазваниеЗначение
  Тип записи a
  Библиографический уровень m
001 Контрольный номер RU/УОНБ/EK/522942316
005 Дата корректировки 20250520121947.1
010 Индекс ISBN __
a ISBN 978-5-7510-0660-0
100 Данные общей обработки __
a Данные общей обработки 20160727d2015 u y0rusy0189||||ca
101 Язык документа 0_
a Язык текста rus
102 Страна публикации __
a Страна публикации RU
105 Кодированные данные (монография) __
a Кодированные данные (монография) a z 000ay
200 Заглавие и сведения об ответственности 1_
a Заглавие Мастер и Маргарита
e Сведения, относящиеся к заглавию полн. собр. черновиков романа. Основной текст
e Сведения, относящиеся к заглавию в 2 т.
f Первые сведения об ответственности М.А. Булгаков
210 Выходные данные 1_
a Место издания Москва
c Издательство Пашков дом
d Дата издания 2015 -
215 Физическое описание __
d Формат 25 см
700 Автор _1
a Фамилия Булгаков
b Имя (инициалы) М.А.
g Полное личное имя Михаил Афанасьевич
801 Источник записи _0
a Страна RU
b Организация Ульяновская ОНБ
c Дата составления 20160727
g Правила каталогизации RCR
801 Источник записи _1
a Страна RU
b Организация Ульяновская ОНБ
c Дата составления 20160727
g Правила каталогизации RCR
901 Тип документа __
t Тип документа v
909 Создатель записи __
a Создатель записи Головина
938 Служебная информация __
a Имя БД books
b Имя библиотеки УОНБ
c Имя АИБС МАРК-SQL
d Номер DOC_ID в БД 325440